Music Quiz

Random Music or Song Quiz
Score 0/20 Timer 06:00
0 Plays Today
Time Song % Correct
2:18Hit the Road Jack
85.6%
0:25Will You Love Me Tomorrow
82.7%
1:02Runaway
82.7%
0:00Stay
80.8%
2:25Runaround Sue
80.3%
0:06Are You Lonesome To-Night?
76%
2:03Michael
71.2%
2:10Take Good Care of My Baby
62.5%
1:17Travelin' Man
56.3%
0:54Blue Moon
41.8%
Time Song % Correct
1:45Tossin' and Turnin'
38%
1:24Running Scared
30.3%
1:11Mother-in-Law
28.8%
1:36Quarter to Three
28.4%
1:57Wooden Heart
26.4%
0:47Surrender
26%
0:39Pony Time
23.6%
1:30Moody River
22.6%
0:32Calcutta
20.2%
0:17Wonderland By Night
15.4%
Remove Ads.
Support Sporcle.
Get the best of Sporcle when you Go Orange. This ad-free experience offers more features, more stats, and more fun while also helping to support Sporcle. Thank you for becoming a member.

You're not logged in!

Compare scores with friends on all Sporcle quizzes.
OR
Log In

Show Comments

Extras

Top Quizzes Today


Score Distribution

Your Account Isn't Verified!

In order to create a playlist on Sporcle, you need to verify the email address you used during registration. Go to your Sporcle Settings to finish the process.

Report this User

Report this user for behavior that violates our Community Guidelines.

Details: